Państwa, które pokonują Koreę Północną - Statystyki

Ogólne statystyki
  • Ten quiz został rozwiązany 3 087 razy
  • Średni wynik to 11 z 15
Statystyki odpowiedzi
Ranga Kategoria Państwo % Poprawnych
4 Najczęściej wymieniany wróg USA w ankiecie Gallupa 2020 Rosja | Chiny | Iran
98%
4 Największy aktywny personel wojskowy Chiny | Indie | Stany Zjednoczone
91%
5 Państwo uznawane przez najmniejszą liczbę innych państw
* Wśród 196 oficjalnych krajów JetPunk
Tajwan | Kosowo | Izrael | Chiny
85%
2 Najszczęśliwsze państwo (według Korei Północnej) Chiny
83%
2 Państwo z największą liczbą czołgów Rosja
83%
4 Najbardziej wysunięty na wschód punkt na kontynencie Rosja | Chiny | Australia
80%
9 (remis) Państwo z najkrótszą granicą międzynarodową
* Nie uwzględniając terytoriów zamorskich
Botswana-Zambia | Włochy-Watykan | Francja-Monako | Turcja-Azerbejdżan
73%
8 (remis) Azjatyckie państwo z najgorszym paszportem
* Według liczby krajów, które możesz odwiedzić bez wizy
Afganistan | Irak | Syria | Pakistan | Jemen | Iran
69%
8 Najbardziej skorupowane państwo[1] Somalia | Sudan Południowy | Syria | Jemen | Wenezuela | Afganistan | Sudan
68%
7 Najbiedniejsze państwo (PKB, PPP, 2020) Burundi | Somalia | Republika Środkowoafrykańska | Demokratyczna Republika Konga | Liberia | Malawi
67%
3 Największe państwo pod względem powierzchni, którego nazwa ma geograficzny kierunek Republika Południowej Afryki | Sudan Południowy
66%
2 Najmniej zaludnione państwo z bronią jądrową Izrael
64%
15 Największe państwo pod względem powierzchni, mniej zaludniony niż wszystkie kraje sąsiadujące Kanada | Libia | Mongolia | Mauretania | Botswana | Turkmenistan | Papua-Nowa Gwinea | Paragwaj | Norwegia | Ekwador | Kirgistan | Urugwaj | Surinam | Nepal
59%
7 Kraj posiadający największy obszar zurbanizowany zaczynający się na literę P Francja | Stany Zjednoczone | Indie | Brazylia | Meksyk | Haiti | Chiny
48%
5 Państwo z najniższym odsetkiem chrześcijan, w którym większość populacji nie są muzułmanami Nepal | Bhutan | Kambodża | Tajlandia
33%
Nie znaleziono quizów pasujących do podanych kryteriów
Rozkład punktacji
Procent ludzi z każdym wynikiem
Percentyl według liczby udzielonych odpowiedzi
Twoja historia wyników
Nie rozwiązałeś tego quizu